000 00866njm a2200265Ia 4500
001 20451
003 IT-RoPAU
005 20220918181128.0
008 131025s9999 xx 000 0 und d
040 _aIT-RoPAU
040 _cIT-RoPAU
999 _c100366
_d100366
999 _bn.d.
100 _aClementi Aldo
_91652
100 _eAutore musica
_91653
100 _gCodice autore musica SPICS: 7968
_91654
245 _aAldo Clementi (1)
250 _a1a ed.
260 _aROMA
260 _bSPICS RECORDS
_c1982 [1a Ed.:1982]
300 _aMUSICASSETTA
500 _aMusica strumentale
505 _aStudi per violino, tromba e pianoforte - Manualiter - L'orologio di Arcevia - Fantasia su Roberto Fabbriciani per flauto solo - Reticolo IV per archi - Capriccio per viola e orchestra
650 _aSTRUMENTALE [CASSETTE]
_eCodice MATERIA SPICS: 9951
_91218
942 _cMC
_2ddc